| 000 | 00552nam a2200193Ia 4500 | ||
|---|---|---|---|
| 005 | 20250326144800.0 | ||
| 008 | 250326s9999 xx 000 0 und d | ||
| 020 | _a81-261-1831-8 | ||
| 037 | _aTextbook | ||
| 040 |
_aFMSL _beng _cFMSL |
||
| 041 |
_aeng _2eng |
||
| 084 |
_aTobY15.-396 P4 _qFMSL |
||
| 100 |
_aReddy P A _9750099 |
||
| 245 | 0 |
_aEducation of tribal woman: Comparative study _cReddy P A |
|
| 260 |
_aNew Delhi _bNew Delhi, Anmol _c2004 |
||
| 300 | _a117p | ||
| 942 |
_cTB _hTobY15.-396 P4 |
||
| 999 |
_c1305030 _d1305030 |
||